[Event "ROM-chT (Women)"]
[Site "Mamaia"]
[Date "2013.08.31"]
[Round "1.2"]
[White "Chirita, Andra Marina"]
[Black "Sandu, Mihaela"]
[Result "0-1"]
[WhiteElo "2024"]
[BlackElo "2254"]
[PlyCount "118"]
[EventDate "2013.08.31"]
[EventType "team-tourn"]
[EventRounds "9"]
[EventCountry "ROU"]
[SourceTitle "CBM 156 Extra"]
[Source "ChessBase"]
[SourceDate "2013.10.22"]
[SourceVersion "1"]
[SourceVersionDate "2013.10.22"]
[SourceQuality "1"]
[WhiteTeam "Bucharest Nova (W)"]
[BlackTeam "Timisoara Medicina (W)"]
[WhiteTeamCountry "ROU"]
[BlackTeamCountry "ROU"]

1. d4 Nf6 2. Nf3 g6 3. c4 Bg7 4. Nc3 0-0 5. Bg5 d6 6. e3 c5 7. Be2 h6 8. Bxf6 Bxf6 9. 0-0 Nc6 10. Ne4 Bg7 11. dxc5 f5 12. Nc3 dxc5 13. Qd5+ Qxd5 14. cxd5 Ne5 15. Nxe5 Bxe5 16. Bf3 Rb8 17. a4 b6 18. g3 g5 19. Rac1 Bd7 20. b3 a6 21. Be2 b5 22. f4 gxf4 23. gxf4 Bf6 24. Kf2 Kh8 25. axb5 axb5 26. Nb1 c4 27. bxc4 bxc4 28. Rxc4 Bh4+ 29. Kf3 Rb2 30. Nc3 Be8 31. e4 fxe4+ 32. Kxe4 Bf6 33. Rf2 Bg6+ 34. Ke3 Rd8 35. Bf3 Rb3 36. Ke2 Rb2+ 37. Ke3 Rb3 38. Kd2 e6 39. Rc6 Bd4 40. Rg2 Be8 41. Rxe6 Bg7 42. Re3 Rc8 43. Nd1 Rb4 44. Be4 Bh5 45. Ke1 Re8 46. Bg6 Rxe3+ 47. Nxe3 Bc3+ 48. Kf2 Rxf4+ 49. Kg3 Rf3+ 50. Kh4 Bxg6 51. Rxg6 Rxe3 52. Rxh6+ Kg7 53. Rc6 Bf6+ 54. Kg4 Rd3 55. Rc7+ Kg6 56. Rd7 Be5 57. Rd8 Bxh2 58. Rd7 Be5 59. Kh4 Kf5 0-1

[Event "ROM-chT (Women)"]
[Site "Brasov"]
[Date "2011.10.14"]
[Round "7.2"]
[White "Cramling, Pia"]
[Black "Chirita, Andra Marina"]
[Result "1-0"]
[WhiteElo "2489"]
[BlackElo "2044"]
[PlyCount "39"]
[EventDate "2011.10.08"]
[EventType "team-tourn"]
[EventRounds "9"]
[EventCountry "ROU"]
[SourceTitle "CBM 144 Extra"]
[Source "ChessBase"]
[SourceDate "2011.10.28"]
[SourceVersion "1"]
[SourceVersionDate "2011.10.28"]
[SourceQuality "1"]
[WhiteTeam "Timisoara Luxten (W)"]
[BlackTeam "Bucharest Apa Nova (W)"]
[WhiteTeamCountry "ROU"]
[BlackTeamCountry "ROU"]

1. d4 e6 2. c4 Bb4+ 3. Nd2 f5 4. g3 Nf6 5. Bg2 0-0 6. Ngf3 d6 7. 0-0 Bxd2 8. Bxd2 Ne4 9. Be3 Nd7 10. Qb3 Qe7 11. Rac1 Kh8 12. c5 dxc5 13. dxc5 Ndxc5 14. Bxc5 Nxc5 15. Qa3 b6 16. Ne5 Bd7 17. Bxa8 Rxa8 18. b4 Ne4 19. Rxc7 Nf6 20. Rd1 1-0

[Event "ROM-chT (Women)"]
[Site "Brasov"]
[Date "2011.10.13"]
[Round "6.5"]
[White "Ionica, Iulia Ionela"]
[Black "Chirita, Andra Marina"]
[Result "1/2-1/2"]
[WhiteElo "2244"]
[BlackElo "2044"]
[PlyCount "63"]
[EventDate "2011.10.08"]
[EventType "team-tourn"]
[EventRounds "9"]
[EventCountry "ROU"]
[SourceTitle "CBM 144 Extra"]
[Source "ChessBase"]
[SourceDate "2011.10.28"]
[SourceVersion "1"]
[SourceVersionDate "2011.10.28"]
[SourceQuality "1"]
[WhiteTeam "Craiova Oltenia (W)"]
[BlackTeam "Bucharest Apa Nova (W)"]
[WhiteTeamCountry "ROU"]
[BlackTeamCountry "ROU"]

1. e4 d5 2. exd5 Qxd5 3. Nc3 Qd8 4. d4 Nf6 5. Bc4 a6 6. Nf3 b5 7. Bd3 Bb7 8. Qe2 e6 9. Bg5 Be7 10. 0-0 0-0 11. Rad1 Nbd7 12. Ne5 Nb6 13. Rfe1 b4 14. Ne4 Nxe4 15. Bxe7 Qxe7 16. Bxe4 Bxe4 17. Qxe4 Nd5 18. Nd3 Rfd8 19. Nc5 a5 20. Rd3 Nf6 21. Qh4 Rd5 22. Ne4 Re8 23. Rh3 h6 24. c3 Nxe4 25. Qxe4 bxc3 26. bxc3 c5 27. Qxd5 exd5 28. Rxe7 Rxe7 29. Kf1 cxd4 30. cxd4 Rb7 31. Ra3 Rb5 32. Ke2 1/2-1/2

[Event "ROM-chT (Women)"]
[Site "Brasov"]
[Date "2011.10.10"]
[Round "3.2"]
[White "Bulmaga, Irina"]
[Black "Chirita, Andra Marina"]
[Result "1-0"]
[WhiteElo "2304"]
[BlackElo "2044"]
[PlyCount "51"]
[EventDate "2011.10.08"]
[EventType "team-tourn"]
[EventRounds "9"]
[EventCountry "ROU"]
[SourceTitle "CBM 144 Extra"]
[Source "ChessBase"]
[SourceDate "2011.10.28"]
[SourceVersion "1"]
[SourceVersionDate "2011.10.28"]
[SourceQuality "1"]
[WhiteTeam "Iasi Politehnica (W)"]
[BlackTeam "Bucharest Apa Nova (W)"]
[WhiteTeamCountry "ROU"]
[BlackTeamCountry "ROU"]

1. e4 e6 2. d4 d5 3. Nc3 dxe4 4. Nxe4 Bd7 5. Nf3 Bc6 6. Bd3 Nd7 7. Qe2 Ngf6 8. Neg5 Qe7 9. 0-0 h6 10. Ne4 g5 11. Nxf6+ Qxf6 12. Ne5 Nxe5 13. dxe5 Qe7 14. a4 0-0-0 15. Be3 Kb8 16. Bb5 Qe8 17. Rfd1 Rxd1+ 18. Qxd1 Bg7 19. Qd4 b6 20. c4 Rf8 21. Qc3 f5 22. Qa3 a5 23. c5 Bxe5 24. cxb6 Bd6 25. bxc7+ Bxc7 26. Bxc6 1-0

[Event "Eforie Nord op 3rd"]
[Site "Eforie Nord"]
[Date "2011.06.22"]
[Round "3"]
[White "Cosma, Elena Luminita"]
[Black "Chirita, Andra Marina"]
[Result "1-0"]
[WhiteElo "2328"]
[BlackElo "2057"]
[PlyCount "57"]
[EventDate "2011.06.20"]
[EventType "swiss"]
[EventRounds "11"]
[EventCountry "ROU"]
[SourceTitle "CBM 143 Extra"]
[Source "ChessBase"]
[SourceDate "2011.08.29"]
[SourceVersion "1"]
[SourceVersionDate "2011.08.29"]
[SourceQuality "1"]

1. d4 e6 2. Nf3 f5 3. g3 b6 4. Bg2 Bb7 5. 0-0 Nf6 6. c4 Bd6 7. Nc3 0-0 8. b3 a5 9. Bb2 Qe7 10. Nb5 Na6 11. Rc1 Rab8 12. Nxd6 Qxd6 13. Ne1 Bxg2 14. Nxg2 Qe7 15. Nf4 g5 16. Nd3 Nb4 17. Ba3 c5 18. dxc5 bxc5 19. Bb2 Nxd3 20. Qxd3 a4 21. Be5 Rb6 22. Rfd1 Ne4 23. Qxd7 Qxd7 24. Rxd7 Nf6 25. Rc7 axb3 26. axb3 Rxb3 27. Ra1 Rb4 28. Raa7 Rxc4 29. Rg7+ 1-0

[Event "ROM-chT (Women)"]
[Site "Baile Herculane"]
[Date "2010.09.08"]
[Round "5.22"]
[White "Foisor, Cristina Adela B"]
[Black "Chirita, Andra Marina"]
[Result "1-0"]
[WhiteElo "2395"]
[BlackElo "1995"]
[PlyCount "67"]
[EventDate "2010.09.04"]
[EventType "team-tourn"]
[EventRounds "9"]
[EventCountry "ROU"]
[SourceTitle "EXT 2021"]
[Source "ChessBase"]
[SourceDate "2020.10.23"]
[SourceVersion "1"]
[SourceVersionDate "2020.10.23"]
[SourceQuality "1"]

1. c4 b6 2. d4 e6 3. a3 f5 4. Nc3 Nf6 5. Nh3 Bb7 6. f3 Bd6 7. Nf2 0-0 8. e3 a5 9. Be2 e5 10. Nb5 Qe7 11. Nxd6 Qxd6 12. 0-0 Na6 13. b3 Rae8 14. Ra2 exd4 15. exd4 Nh5 16. Qd2 Re7 17. Qg5 Nf6 18. Rd1 Rfe8 19. Bf4 Qe6 20. Bf1 d5 21. Re2 Qd7 22. Re5 Rxe5 23. dxe5 h6 24. Qg6 Nh7 25. cxd5 Nf8 26. Qg3 g5 27. h4 Qg7 28. hxg5 hxg5 29. Qxg5 Qxg5 30. Bxg5 Rxe5 31. Bf4 Re7 32. d6 cxd6 33. Bxd6 Rg7 34. Bc4+ 1-0

[Event "ROM-ch U20 Girls"]
[Site "Voineasa"]
[Date "2010.04.10"]
[Round "4"]
[White "Vasile, Teodora"]
[Black "Chirita, Andra Marina"]
[Result "1/2-1/2"]
[WhiteElo "2026"]
[BlackElo "2025"]
[PlyCount "77"]
[EventDate "2010.04.08"]
[EventType "tourn"]
[EventRounds "9"]
[EventCountry "ROU"]
[SourceTitle "EXT 2020"]
[Source "ChessBase"]
[SourceDate "2019.10.17"]
[SourceVersion "1"]
[SourceVersionDate "2019.10.17"]
[SourceQuality "1"]

1. e4 c5 2. Nf3 e6 3. d4 cxd4 4. Nxd4 Nc6 5. Nc3 a6 6. Be2 Qc7 7. 0-0 Nf6 8. a3 b5 9. Nxc6 dxc6 10. Be3 Be7 11. f4 0-0 12. e5 Nd5 13. Nxd5 cxd5 14. Bd3 g6 15. Rf3 Bb7 16. Rh3 Bc5 17. Bxc5 Qxc5+ 18. Kh1 Qf2 19. Qg4 d4 20. Rf1 Qd2 21. Rg1 Kg7 22. Qg5 Rh8 23. Qf6+ Kg8 24. Rg3 Qa5 25. Qe7 Rb8 26. Qc5 Qd8 27. Re1 Rc8 28. Qb4 Kg7 29. f5 exf5 30. Bxf5 Rc4 31. Qd2 Re8 32. Bd3 Rc5 33. Qf4 Qd5 34. Rf3 Qe6 35. Qf6+ Kg8 36. Qxe6 Rxe6 37. Rf4 Rexe5 38. Ref1 Bd5 39. Rxd4 1/2-1/2

[Event "ROM-chT (Women)"]
[Site "Eforie Nord"]
[Date "2009.09.22"]
[Round "4"]
[White "Paulet, Iozefina"]
[Black "Chirita, Andra Marina"]
[Result "1-0"]
[WhiteElo "2342"]
[BlackElo "2037"]
[PlyCount "93"]
[EventDate "2009.09.19"]
[EventType "team"]
[EventRounds "9"]
[EventCountry "ROU"]
[SourceTitle "CBM 132 Extra"]
[Source "ChessBase"]
[SourceDate "2009.11.03"]
[SourceVersion "1"]
[SourceVersionDate "2009.11.03"]
[SourceQuality "1"]

1. e4 e6 2. d4 d5 3. Nc3 dxe4 4. Nxe4 Bd7 5. Nf3 Bc6 6. Bd3 Nd7 7. 0-0 Ngf6 8. Ned2 Be7 9. c3 0-0 10. Re1 Bxf3 11. Qxf3 c6 12. Nc4 Nb6 13. Ne5 Nbd5 14. Qh3 c5 15. dxc5 Bxc5 16. Bg5 g6 17. c4 Nb4 18. Rad1 Qd4 19. Qf3 Nh5 20. Bf1 Qxb2 21. Re2 Nc2 22. Nd3 Qxa2 23. Nxc5 Qxc4 24. Nd7 Nd4 25. Rxd4 Qxd4 26. Nxf8 Rxf8 27. Qxb7 Qb6 28. Qe7 Ng7 29. Bh6 Re8 30. Qf6 Nf5 31. Be3 Nxe3 32. fxe3 a5 33. h4 Qc5 34. Rf2 Rf8 35. e4 a4 36. Kh2 a3 37. e5 Qd5 38. h5 Qd8 39. Qf4 gxh5 40. Bc4 Qe7 41. Bd3 Rd8 42. Qe4 f5 43. exf6 Qd6+ 44. Rf4 Kf8 45. Bc4 Qd2 46. Bxe6 a2 47. Bxa2 1-0

[Event "ROM-ch (Women)"]
[Site "Eforie Nord"]
[Date "2009.02.08"]
[Round "9"]
[White "Lolici, Iselin Amanda"]
[Black "Chirita, Andra Marina"]
[Result "0-1"]
[WhiteElo "1887"]
[BlackElo "2031"]
[PlyCount "62"]
[EventDate "2009.01.31"]
[EventType "swiss"]
[EventRounds "9"]
[EventCountry "ROU"]
[SourceTitle "CBM 128 Extra"]
[Source "ChessBase"]
[SourceDate "2009.03.05"]
[SourceVersion "2"]
[SourceVersionDate "2009.03.25"]
[SourceQuality "1"]

1. c4 e5 2. g3 Nc6 3. Bg2 f5 4. e3 Nf6 5. Nc3 d5 6. cxd5 Nb4 7. d3 Nfxd5 8. Nxd5 Nxd5 9. Nf3 Bd6 10. Nh4 Nf6 11. Qb3 c6 12. 0-0 Qe7 13. Bh3 g6 14. Nf3 Be6 15. Qc3 Bd5 16. Bg2 0-0 17. a3 e4 18. dxe4 fxe4 19. Nd2 Ng4 20. Qc2 Rae8 21. h3 Nf6 22. Nc4 Bc7 23. b4 Qe6 24. Nd2 h5 25. Bb2 Kh7 26. Qc3 h4 27. Rad1 Nh5 28. Nxe4 Bxe4 29. Bxe4 Qxe4 30. Rd7+ Re7 31. Rfd1 hxg3 0-1

[Event "ROM-chT (Women)"]
[Site "Eforie Nord"]
[Date "2008.09.03"]
[Round "3.4"]
[White "Traistaru, Teodora"]
[Black "Chirita, Andra Marina"]
[Result "1-0"]
[WhiteElo "2160"]
[BlackElo "2095"]
[PlyCount "69"]
[EventDate "2008.09.01"]
[EventType "team-tourn"]
[EventRounds "9"]
[EventCountry "ROU"]
[SourceTitle "EXT 2013"]
[Source "ChessBase"]
[SourceDate "2012.11.22"]
[SourceVersion "1"]
[SourceVersionDate "2012.11.22"]
[SourceQuality "1"]

1. e4 e6 2. d4 d5 3. Nd2 dxe4 4. Nxe4 Bd7 5. Be2 Bc6 6. Bf3 Be7 7. Ne2 Bxe4 8. Bxe4 c6 9. 0-0 Nf6 10. Bf3 0-0 11. c4 Nbd7 12. Nc3 Nb6 13. b3 Qc7 14. Qe2 Rfd8 15. Rd1 Rd7 16. g3 Rad8 17. Bf4 Qc8 18. Be5 Kf8 19. Rac1 a5 20. Qe3 c5 21. Nb5 a4 22. Bxf6 Bxf6 23. dxc5 Rxd1+ 24. Rxd1 Rxd1+ 25. Bxd1 axb3 26. cxb6 b2 27. Qa3+ Kg8 28. Bc2 g6 29. Nc7 Qd7 30. Qa8+ Kg7 31. Ne8+ Kh6 32. Nxf6 b1Q+ 33. Bxb1 Qd1+ 34. Kg2 Qxb1 35. Qf8+ 1-0

[Event "ROM-chT (Women)"]
[Site "Eforie Nord"]
[Date "2008.09.02"]
[Round "2.3"]
[White "Chirita, Andra Marina"]
[Black "Uta, Adeline Ramona"]
[Result "0-1"]
[WhiteElo "2095"]
[BlackElo "1984"]
[PlyCount "88"]
[EventDate "2008.09.01"]
[EventType "team-tourn"]
[EventRounds "9"]
[EventCountry "ROU"]
[SourceTitle "EXT 2013"]
[Source "ChessBase"]
[SourceDate "2012.11.22"]
[SourceVersion "1"]
[SourceVersionDate "2012.11.22"]
[SourceQuality "1"]

1. d4 c5 2. d5 e6 3. c4 exd5 4. cxd5 d6 5. Nc3 g6 6. Nf3 Bg7 7. Nd2 Nd7 8. e4 Ne7 9. Nc4 Nb6 10. Bf4 Nxc4 11. Bxc4 a6 12. a4 0-0 13. 0-0 h6 14. h4 Kh7 15. Qd2 f5 16. f3 fxe4 17. fxe4 Ng8 18. Bg3 Nf6 19. Rae1 Ng4 20. Rxf8 Qxf8 21. Qf4 Qxf4 22. Bxf4 Bd4+ 23. Kh1 Ne5 24. Bxe5 Bxe5 25. Re3 b5 26. Be2 b4 27. Nd1 Ra7 28. b3 Re7 29. Bf3 h5 30. Re2 a5 31. Nb2 Ba6 32. Rc2 Bg3 33. Kg1 Bxh4 34. Be2 Bc8 35. Bd3 Bf6 36. Nc4 Ba6 37. Re2 Bxc4 38. Bxc4 Bd4+ 39. Kh2 Rf7 40. g3 Kh6 41. Kg2 g5 42. Bd3 g4 43. Bc2 Rf3 44. Bd1 Be5 0-1

[Event "EU-chT U18 Girls 8th"]
[Site "Szeged"]
[Date "2008.06.20"]
[Round "6"]
[White "Kulon, Klaudia"]
[Black "Chirita, Andra Marina"]
[Result "1-0"]
[WhiteElo "2194"]
[BlackElo "2106"]
[PlyCount "67"]
[EventDate "2008.06.14"]
[EventType "team-tourn"]
[EventRounds "7"]
[EventCountry "HUN"]
[SourceTitle "EXT 2020"]
[Source "ChessBase"]
[SourceDate "2019.10.17"]
[SourceVersion "1"]
[SourceVersionDate "2019.10.17"]
[SourceQuality "1"]
[WhiteTeam "Poland U18 (W)"]
[BlackTeam "Romania U18 (W)"]
[WhiteTeamCountry "POL"]
[BlackTeamCountry "ROU"]

1. e4 d5 2. exd5 Qxd5 3. Nc3 Qd8 4. d4 Nf6 5. Be2 c6 6. h3 e6 7. Nf3 Be7 8. 0-0 0-0 9. Bf4 Nbd7 10. Qd2 b5 11. a4 b4 12. Na2 a5 13. c4 c5 14. d5 exd5 15. cxd5 Ne4 16. Qc2 Ndf6 17. Rad1 Qb6 18. Nc1 Bb7 19. Ne5 Nd6 20. Bf3 Rfe8 21. g4 h6 22. h4 Bc8 23. Nb3 Ba6 24. Rfe1 c4 25. Nd4 Rac8 26. g5 hxg5 27. hxg5 Nh7 28. g6 Ng5 29. Bg4 b3 30. Qb1 c3 31. bxc3 Rxc3 32. Nec6 Nf3+ 33. Bxf3 Nc8 34. gxf7+ 1-0

[Event "ROM-ch (Women)"]
[Site "Napoca"]
[Date "2008.02.25"]
[Round "6"]
[White "Chirita, Andra Marina"]
[Black "Craciun, Paula Iulia"]
[Result "1-0"]
[WhiteElo "2088"]
[BlackElo "2158"]
[PlyCount "73"]
[EventDate "2008.02.25"]
[EventType "swiss"]
[EventRounds "9"]
[EventCountry "ROU"]
[SourceTitle "CBM 123 Extra"]
[Source "ChessBase"]
[SourceDate "2008.05.06"]
[SourceVersion "1"]
[SourceVersionDate "2008.05.06"]
[SourceQuality "1"]

1. d4 d5 2. c4 c6 3. Nc3 Nf6 4. e3 e6 5. Nf3 Nbd7 6. Qc2 b6 7. Be2 Bb7 8. b3 Be7 9. Bb2 0-0 10. 0-0 c5 11. Rfd1 Rc8 12. Rac1 Re8 13. Qb1 Bd6 14. Nb5 Bb8 15. Ne5 a6 16. Na3 Ne4 17. Nxd7 Qxd7 18. dxc5 Qc7 19. g3 bxc5 20. Ba1 Ng5 21. Qb2 f6 22. Bh5 Re7 23. b4 dxc4 24. Rxc4 Qc6 25. e4 Nxe4 26. Bf3 f5 27. Rxc5 Qe8 28. Bh5 Qf8 29. Rxc8 Qxc8 30. b5 a5 31. Nc4 Rd7 32. Nxa5 Nf6 33. Nxb7 Rxb7 34. Bf3 Rd7 35. Qe2 Rxd1+ 36. Qxd1 Nd7 37. a4 1-0

[Event "EU-ch U18 Girls 17th"]
[Site "Sibenik"]
[Date "2007.09.23"]
[Round "9"]
[White "Chirita, Andra Marina"]
[Black "Leks, Hanna"]
[Result "0-1"]
[WhiteElo "2056"]
[BlackElo "2232"]
[PlyCount "48"]
[EventDate "2007.09.14"]
[EventType "swiss"]
[EventRounds "9"]
[EventCountry "CRO"]
[SourceTitle "CBM 120 Extra"]
[Source "ChessBase"]
[SourceDate "2007.11.01"]
[SourceVersion "1"]
[SourceVersionDate "2007.11.01"]
[SourceQuality "1"]

1. d4 Nf6 2. Nf3 g6 3. c4 Bg7 4. Nc3 d6 5. Bg5 h6 6. Bh4 g5 7. Bg3 Nh5 8. e3 Bd7 9. Be2 c5 10. dxc5 Nxg3 11. hxg3 dxc5 12. Qc2 Qa5 13. Rc1 Nc6 14. a3 0-0-0 15. 0-0 Bxc3 16. Qxc3 Qc7 17. b4 f6 18. b5 Na5 19. Ne1 h5 20. Nd3 h4 21. gxh4 Rxh4 22. f4 Bf5 23. Rcd1 Rdh8 24. fxg5 Qg3 0-1

[Event "EU-ch U18 Girls 17th"]
[Site "Sibenik"]
[Date "2007.09.18"]
[Round "5"]
[White "Chirita, Andra Marina"]
[Black "Robles Garcia, Claudia"]
[Result "1/2-1/2"]
[WhiteElo "2056"]
[BlackElo "2167"]
[PlyCount "34"]
[EventDate "2007.09.14"]
[EventType "swiss"]
[EventRounds "9"]
[EventCountry "CRO"]
[SourceTitle "CBM 120 Extra"]
[Source "ChessBase"]
[SourceDate "2007.11.01"]
[SourceVersion "1"]
[SourceVersionDate "2007.11.01"]
[SourceQuality "1"]

1. d4 Nf6 2. Nf3 c5 3. d5 e6 4. c4 b5 5. Bg5 exd5 6. cxd5 d6 7. e4 a6 8. a4 Be7 9. axb5 Nxe4 10. Bxe7 Qxe7 11. Be2 0-0 12. 0-0 Qb7 13. Re1 axb5 14. Rxa8 Qxa8 15. Bxb5 Nf6 16. Nc3 Ba6 17. h3 Bxb5 1/2-1/2

[Event "EU-ch U18 Girls 17th"]
[Site "Sibenik"]
[Date "2007.09.17"]
[Round "4"]
[White "Chirita, Andra Marina"]
[Black "Severiukhina, Zoja"]
[Result "1-0"]
[WhiteElo "2056"]
[BlackElo "2267"]
[PlyCount "125"]
[EventDate "2007.09.14"]
[EventType "swiss"]
[EventRounds "9"]
[EventCountry "CRO"]
[SourceTitle "CBM 120 Extra"]
[Source "ChessBase"]
[SourceDate "2007.11.01"]
[SourceVersion "1"]
[SourceVersionDate "2007.11.01"]
[SourceQuality "1"]

1. d4 Nf6 2. Nf3 g6 3. c4 Bg7 4. Nc3 0-0 5. Bg5 d6 6. e3 h6 7. Bh4 Bf5 8. Be2 Nbd7 9. 0-0 g5 10. Bg3 Bg6 11. Qb3 Rb8 12. Rad1 Nh5 13. Qa3 a6 14. b4 Ndf6 15. c5 Nxg3 16. hxg3 Nh7 17. Qb3 h5 18. Bd3 Bxd3 19. Rxd3 e6 20. e4 Kh8 21. Rfd1 Qe7 22. cxd6 cxd6 23. e5 d5 24. b5 f6 25. exf6 Qxf6 26. Qc2 Qf5 27. Re1 Rbc8 28. Qe2 Nf6 29. bxa6 bxa6 30. Nd1 Ng4 31. Ne3 Nxe3 32. Qxe3 Rc2 33. Rd2 Rxd2 34. Qxd2 h4 35. gxh4 gxh4 36. Qe2 h3 37. Qxe6 hxg2 38. Qxf5 Rxf5 39. Kxg2 Rf4 40. Kg3 Rf6 41. Re8+ Kh7 42. Ne5 Rb6 43. Rd8 Rb2 44. Rxd5 Rxa2 45. f4 a5 46. Rd7 Rd2 47. Kf3 a4 48. Ke3 Rh2 49. Ra7 a3 50. d5 Rh3+ 51. Nf3 Kg6 52. Rxa3 Kf5 53. d6 Bh6 54. Ra4 Ke6 55. Rd4 Bg7 56. Rd3 Rh8 57. Ke4 Bf6 58. f5+ Kd7 59. Ne5+ Kc8 60. Rc3+ Kd8 61. Kd5 Re8 62. Nf7+ Kd7 63. Rc7# 1-0

[Event "EU-ch U18 Girls 17th"]
[Site "Sibenik"]
[Date "2007.09.16"]
[Round "3"]
[White "Charochkina, Daria"]
[Black "Chirita, Andra Marina"]
[Result "0-1"]
[WhiteElo "2390"]
[BlackElo "2056"]
[PlyCount "116"]
[EventDate "2007.09.14"]
[EventType "swiss"]
[EventRounds "9"]
[EventCountry "CRO"]
[SourceTitle "CBM 120 Extra"]
[Source "ChessBase"]
[SourceDate "2007.11.01"]
[SourceVersion "1"]
[SourceVersionDate "2007.11.01"]
[SourceQuality "1"]

1. e4 d5 2. exd5 Qxd5 3. Nc3 Qd8 4. d4 Nf6 5. Nf3 Bg4 6. h3 Bxf3 7. Qxf3 c6 8. Bf4 e6 9. 0-0-0 Bb4 10. Ne4 Nxe4 11. Qxe4 Qd5 12. Qxd5 cxd5 13. Rd3 Nc6 14. Rb3 0-0-0 15. Bb5 Bd6 16. Be3 Na5 17. Rc3+ Kb8 18. Bd2 Bb4 19. Bf4+ Bd6 20. Bg5 Rc8 21. Bd2 Rxc3 22. Bxc3 Nc6 23. b3 Rc8 24. Bb2 Nb4 25. c3 Nxa2+ 26. Kd2 Bf4+ 27. Kc2 Nb4+ 28. Kd1 Nc6 29. g3 Bd6 30. f4 g6 31. Kd2 a6 32. Bd3 b5 33. Ke3 Kb7 34. Ra1 Kb6 35. g4 Na5 36. b4 Nc4+ 37. Bxc4 bxc4 38. f5 exf5 39. gxf5 Re8+ 40. Kf2 Re4 41. Bc1 Rh4 42. Ra5 Rxh3 43. Be3 Rh5 44. Rxd5 Rxf5+ 45. Rxf5 gxf5 46. Bg5 Kc6 47. Ke3 Kd5 48. Kf3 h5 49. Bh4 Bc7 50. Be1 Bd8 51. Kf4 h4 52. Kf3 h3 53. Bg3 Bg5 54. Ke2 Ke4 55. Bh2 f4 56. d5 Kxd5 57. Kf3 f5 58. Bg1 Bf6 0-1

[Event "ROM-ch U18 Girls"]
[Site "Romania"]
[Date "2007.03.19"]
[Round "?"]
[White "Traistaru, Teodora"]
[Black "Chirita, Andra Marina"]
[Result "0-1"]
[WhiteElo "2144"]
[BlackElo "2001"]
[PlyCount "76"]
[EventDate "2007.03.17"]
[EventType "swiss"]
[EventRounds "9"]
[EventCountry "ROU"]
[SourceTitle "EXT 2010"]
[Source "ChessBase"]
[SourceDate "2010.11.25"]
[SourceVersion "1"]
[SourceVersionDate "2010.11.25"]
[SourceQuality "1"]

1. e4 d5 2. exd5 Qxd5 3. Nc3 Qd8 4. d4 Nf6 5. Nf3 Bg4 6. Be3 c6 7. Bc4 e6 8. h3 Bh5 9. g4 Bg6 10. Ne5 Bd6 11. Qe2 Nbd7 12. 0-0-0 Nd5 13. Nxd5 cxd5 14. Nxd7 Kxd7 15. Bb5+ Kc7 16. h4 h6 17. Bd2 Rc8 18. h5 Bh7 19. Ba5+ b6 20. Bc3 Kb8 21. Ba6 Rc7 22. a4 Qd7 23. Bb5 Qe7 24. Rh3 Be4 25. f3 Bh7 26. Bd3 Bxd3 27. Qxd3 Rhc8 28. Bd2 Qd7 29. b3 Qe7 30. c3 Qf6 31. Kb2 Bf4 32. Be1 e5 33. a5 exd4 34. axb6 dxc3+ 35. Kc2 Qxb6 36. Qxd5 Qa6 37. b4 Qe2+ 38. Kb3 c2 0-1

[Event "ROM-ch (Women)"]
[Site "Amara"]
[Date "2007.02.21"]
[Round "7"]
[White "Chirita, Andra Marina"]
[Black "Mathe, Katalin"]
[Result "1/2-1/2"]
[WhiteElo "2001"]
[BlackElo "2054"]
[PlyCount "89"]
[EventDate "2007.02.16"]
[EventType "swiss"]
[EventRounds "9"]
[EventCountry "ROU"]
[SourceTitle "EXT 2010"]
[Source "ChessBase"]
[SourceDate "2010.11.25"]
[SourceVersion "1"]
[SourceVersionDate "2010.11.25"]
[SourceQuality "1"]

1. d4 d5 2. c4 e6 3. Nc3 Nf6 4. cxd5 exd5 5. Bg5 Be7 6. Qc2 c6 7. e3 0-0 8. Bd3 Nbd7 9. Nf3 Re8 10. 0-0 h6 11. Bh4 Ne4 12. Bxe7 Qxe7 13. b4 Ndf6 14. b5 c5 15. dxc5 Nxc5 16. Bf5 Be6 17. Nd4 Rac8 18. Rac1 Nce4 19. Qb2 Nxc3 20. Rxc3 Rxc3 21. Qxc3 Rc8 22. Qa5 Bxf5 23. Nxf5 Qc5 24. h3 Ne4 25. Rd1 Nxf2 26. Rxd5 Qc2 27. Ne7+ Kh7 28. Nxc8 Ne4 29. Qe1 Qxc8 30. Qb1 f5 31. Qd3 Qc1+ 32. Kh2 Kg6 33. Qe2 Qc7+ 34. Kg1 Nc3 35. Qd3 Nxd5 36. Qxd5 Qc1+ 37. Kf2 Qb1 38. Qxb7 Qc2+ 39. Kg3 Qxa2 40. Qa6+ Qxa6 41. bxa6 Kf6 42. Kf3 Ke5 43. g4 g6 44. gxf5 Kxf5 45. h4 1/2-1/2

[Event "ROM-ch (Women)"]
[Site "Amara"]
[Date "2007.02.16"]
[Round "9"]
[White "Chirita, Andra Marina"]
[Black "Sterpu, Constanta Andreea"]
[Result "1-0"]
[WhiteElo "2001"]
[BlackElo "2003"]
[PlyCount "115"]
[EventDate "2007.02.16"]
[EventType "swiss"]
[EventRounds "9"]
[EventCountry "ROU"]
[SourceTitle "EXT 2010"]
[Source "ChessBase"]
[SourceDate "2010.11.25"]
[SourceVersion "1"]
[SourceVersionDate "2010.11.25"]
[SourceQuality "1"]

1. d4 d5 2. c4 c6 3. Nf3 Nf6 4. Qc2 g6 5. e3 Bg7 6. Nc3 Bf5 7. Bd3 Bxd3 8. Qxd3 0-0 9. 0-0 e6 10. cxd5 cxd5 11. Bd2 Nc6 12. Rac1 Rc8 13. Qb5 Qd7 14. Na4 Ne5 15. Qxd7 Nxf3+ 16. gxf3 Nxd7 17. Bb4 Rfe8 18. f4 h5 19. Bd6 Bf6 20. Kg2 Red8 21. b3 b5 22. Nb2 Nb6 23. Bc7 Re8 24. Rc6 Na8 25. Rfc1 Nxc7 26. Rxc7 Rxc7 27. Rxc7 Re7 28. Rc8+ Kg7 29. Nd3 a6 30. Nb4 a5 31. Nc6 a4 32. Nxe7 Bxe7 33. bxa4 bxa4 34. Ra8 a3 35. Ra7 Bb4 36. Kf1 Kf6 37. Ke2 Kg7 38. Kd3 Kf6 39. Kc2 Bd6 40. Kb3 Bb8 41. Rxa3 g5 42. Ra8 Bd6 43. fxg5+ Kxg5 44. f4+ Kg4 45. Rg8+ Kh3 46. Rh8 h4 47. a4 Bc7 48. Kb4 Kxh2 49. Rxh4+ Kg3 50. Rh7 Kf3 51. Rxf7 Bd6+ 52. Kb5 Kxe3 53. a5 Kxd4 54. a6 Bc5 55. Rc7 Bd6 56. Rc6 Bb8 57. Rxe6 Kd3 58. f5 1-0